|
|
|
|
| LEADER |
00000nam0a2200000 4500 |
| 001 |
40015 |
| 005 |
20240130113353.0 |
| 010 |
|
|
|a 5944760117
|
| 035 |
|
|
|a (RuTPU)RU\TPU\book\40942
|
| 090 |
|
|
|a 40015
|
| 100 |
|
|
|a 20020418d2002 m y0rusy50 ca
|
| 101 |
0 |
|
|a rus
|
| 102 |
|
|
|a RU
|
| 105 |
|
|
|a y z 001zy
|
| 200 |
1 |
|
|a Использование нестационарных по направлению магнитных полей для идентификации локальных электропроводящих объектов
|f А. Е. Гольдштейн, В. К. Жуков
|g Томский политехнический университет
|
| 210 |
|
|
|a Томск
|c Печатная мануфактура
|d 2002
|
| 215 |
|
|
|a 139 с.
|
| 320 |
|
|
|a Библиогр.: с. 123-137
|
| 330 |
|
|
|a В монографии рассмотрены основные способы повышения информативности вихретокового контроля. Осуществлен анализ информативных возможностей использования для идентификации локальных электропроводящих объектов различных видов нестационарных по направлению магнитных полей. На основе решения уравнений, описывающих взаимодействие объекта с нестационарным по направлению магнитным полем, предложены алгоритмы определения параметров многомерного сигнала вихретокового преобразователя, отражающие физические параметры объекта контроля. Приведены методики расчета и оптимизации основных конструктивных параметров вихретокового преобразователя (ВТП) с нестационарным по направлению магнитным полем. Для научных и инженерно-технических работников, занимающихся разработкой методов и средств вихретокового контроля, а также для студентов вузов.
|
| 606 |
1 |
|
|a Магнитные методы неразрушающего контроля
|2 stltpush
|3 (RuTPU)RU\TPU\subj\71638
|9 85454
|
| 610 |
1 |
|
|a материаловедение
|
| 610 |
1 |
|
|a вихретоковый контроль
|
| 610 |
1 |
|
|a магнитные поля
|
| 610 |
1 |
|
|a информативность
|
| 610 |
1 |
|
|a локальные электропроводящие объекты
|
| 610 |
1 |
|
|a параметры
|
| 610 |
1 |
|
|a оптимизация
|
| 610 |
1 |
|
|a селективное обнаружение
|
| 610 |
1 |
|
|a достоверность
|
| 610 |
1 |
|
|a вероятностная оценка
|
| 610 |
1 |
|
|a объекты
|
| 610 |
1 |
|
|a труды учёных ТПУ
|
| 675 |
|
|
|a 620.179.14
|v 3
|
| 700 |
|
1 |
|a Гольдштейн
|b А. Е.
|c специалист в области неразрушающего контроля
|c профессор Томского политехнического университета, доктор технических наук
|f 1954-
|g Александр Ефремович
|3 (RuTPU)RU\TPU\pers\26406
|9 12110
|
| 701 |
|
1 |
|a Жуков
|b В. К.
|c российский ученый, электрофизик
|c Заслуженный профессор Томского политехнического университета, доктор технических наук
|f 1937-
|g Владимир Константинович
|3 (RuTPU)RU\TPU\pers\19785
|4 070
|
| 712 |
0 |
0 |
|a Томский политехнический университет
|3 (RuTPU)RU\TPU\col\376
|
| 801 |
|
1 |
|a RU
|b 63413507
|c 20020418
|g PSBO
|
| 801 |
|
2 |
|a RU
|b 63413507
|c 20190208
|g PSBO
|
| 942 |
|
|
|c BK
|